[Event "Jacob"]
[Site "http://www.queenalice.com/game.php?id=985677"]
[Date "2011.9.15"]
[Round "-"]
[White "joaobatista"]
[Black "grega"]
[Result "1-0"]
[WhiteElo "1702"]
[BlackElo "1849"]

1. e4 e5 2. h3 d5 3. exd5 Qxd5 4. Nc3 Qd8 5. a3 Nf6 6. Qe2 Nc6 7. d3 Be7 8. Nf3
O-O 9. g4 Be6 10. Bg2 Nd7 11. O-O Bd6 12. Bg5 f6 13. Bd2 f5 14. Ng5 Qe7 15. Nb5
fxg4 16. hxg4 a6 17. Nxd6 cxd6 18. Qe4 g6 19. Nh3 d5 20. Qa4 b5 21. Qb3 Nd4 22.
Qb4 Qh4 23. Rae1 Qxg4 24. Re3 Qh5 25. Qd6 Bxh3 26. Bxh3 Qxh3 27. Rxh3 1-0

[Event "Jogo IV"]
[Site "http://www.queenalice.com/game.php?id=985681"]
[Date "2011.9.15"]
[Round "-"]
[White "grega"]
[Black "joaobatista"]
[Result "0-1"]
[WhiteElo "1827"]
[BlackElo "1719"]

1. e4 e6 2. d4 h6 3. Ne2 Nf6 4. Ng3 Bb4+ 5. c3 Be7 6. Bd3 c5 7. Be3 d6 8. O-O
Nbd7 9. dxc5 dxc5 10. Nd2 a6 11. a3 O-O 12. Nb3 Qc7 13. c4 b6 14. f4 Bb7 15. Qc2
Ng4 16. Bd2 e5 17. f5 Bh4 18. Rf3 Ndf6 19. h3 Bg5 20. Bxg5 hxg5 21. hxg4 Nxg4
22. Be2 Nf6 23. Re3 Rfd8 24. Kf2 a5 25. Rh1 a4 26. Nd2 Rd4 27. Bd3 Ng4+ 28. Ke2
Nxe3 29. Kxe3 f6 30. Nf3 Rd6 31. Ne2 Bc6 32. g4 Re8 33. Ng3 Red8 34. Ne1 Qd7 35.
Nh5 Bb7 36. Rh2 Ba6 37. b3 Rc6 38. bxa4 Qd4+ 39. Kf3 Rcd6 40. Ng3 Qa1 41. Qf2
Qxa3 42. Qe2 Bxc4 43. Kg2 Bxd3 44. Nxd3 Rxd3 0-1

[Event "Challenge"]
[Site "http://www.queenalice.com/game.php?id=994157"]
[Date "2011.10.6"]
[Round "-"]
[White "jorm"]
[Black "grega"]
[Result "1-0"]
[WhiteElo "1906"]
[BlackElo "1807"]

1. e4 e5 2. Nc3 Nf6 3. Nf3 d6 4. h3 Nfd7 5. d4 exd4 6. Nxd4 Ne5 7. Be3 c5 8. Nf3
Nbc6 9. b3 a6 10. Nd5 Be7 11. Nxe5 Nxe5 12. Be2 b5 13. c4 b4 14. Qc2 Bb7 15.
O-O-O Bxd5 16. exd5 O-O 17. f4 Nd7 18. g3 f5 19. h4 a5 20. Rdg1 a4 21. Kd2 Bf6
22. Ke1 axb3 23. axb3 Ra3 24. Kf2 Bc3 25. h5 Qc8 26. g4 Ne5 27. g5 Qd7 28. Rh4
Qd8 29. h6 Ng6 30. Rh3 Rf7 31. Bh5 Rd7 32. Bxg6 hxg6 33. Rgh1 Qa8 34. Kf3 Qa7
35. Qh2 Rf7 36. hxg7 Rxg7 37. Rh8+ Kf7 38. Rc8 Qe7 39. Qc2 Rg8 40. Rh7+ Rg7 41.
Rhh8 1-0

[Event "Back from the dead"]
[Site "http://www.queenalice.com/game.php?id=1018779"]
[Date "2012.1.29"]
[Round "-"]
[White "kaskarker"]
[Black "grega"]
[Result "0-1"]
[WhiteElo "1747"]
[BlackElo "1797"]

1. e4 e5 2. Nf3 Nc6 3. Bc4 Bc5 4. O-O d6 5. d3 Bg4 6. Bxf7+ Kxf7 7. Bg5 Nf6 8.
Nc3 Qd7 9. Bh4 Rhf8 10. h3 Bh5 11. Bxf6 Bxf3 12. Qxf3 gxf6 13. Qh5+ Kg8 14. Nd5
Qg7 15. Kh1 Nd4 16. c3 Ne6 17. b4 Bb6 18. a4 a6 19. Nxb6 cxb6 20. Rac1 Nf4 21.
Qf3 Qd7 22. a5 b5 23. Rg1 Rf7 24. g4 Rg7 25. Rg3 h6 26. h4 Kf7 27. g5 hxg5 28.
h5 Rh8 0-1

[Event "Evron"]
[Site "http://www.queenalice.com/game.php?id=1023365"]
[Date "2012.1.31"]
[Round "-"]
[White "joaobatista"]
[Black "grega"]
[Result "0-1"]
[WhiteElo "1720"]
[BlackElo "1768"]

1. d4 d5 2. h3 Nc6 3. Nf3 e6 4. a3 Bd6 5. Bg5 f6 6. Bh4 Nge7 7. e3 Ng6 8. Bg3 e5
9. Bb5 Bd7 10. O-O e4 11. Nh2 O-O 12. c4 Nce7 13. Bxd7 Qxd7 14. c5 Bxg3 15. fxg3
Nf5 16. Qe2 Nxg3 17. Qf2 Nxf1 18. Kxf1 f5 19. Kg1 f4 20. Ng4 f3 21. g3 c6 22. b4
Nh8 23. Nc3 Nf7 24. Kh2 Ng5 25. Rf1 h5 26. b5 hxg4 27. h4 Nh3 28. Qa2 Kf7 29.
Nxe4 Kg6 30. Nc3 Rh8 31. Qc2+ Kf6 32. bxc6 bxc6 33. Qd3 Qc7 34. e4 Rxh4 35. exd5
Nf4+ 36. gxh4 Nxd3+ 37. d6 Qd7 38. Kg3 Rh8 39. d5 Nxc5 40. dxc6 Qxd6+ 41. Kxg4
Qd4+ 42. Kxf3 Qxc3+ 43. Kg4+ Ke7 44. c7 Qd4+ 45. Rf4 Qd7+ 46. Kg3 Qxc7 47. Kg4
Ke6 48. h5 Ke5 49. Rf5+ Ke6 50. Kg5 Qg3# 0-1

[Event "Evron"]
[Site "http://www.queenalice.com/game.php?id=1023366"]
[Date "2012.1.31"]
[Round "-"]
[White "grega"]
[Black "joaobatista"]
[Result "1-0"]
[WhiteElo "1782"]
[BlackElo "1719"]

1. e4 a6 2. d4 e6 3. Ne2 d5 4. e5 Bd7 5. Ng3 Nc6 6. c3 g6 7. Be3 b5 8. Nd2 h6 9.
Nb3 b4 10. Bd3 Be7 11. Qd2 bxc3 12. bxc3 Qb8 13. O-O Bf8 14. Rab1 Nge7 15. a3
Qc8 16. Nc5 Ng8 17. c4 Nge7 18. Ne2 Bg7 19. Qc2 Nf5 20. Bc1 Ncxd4 21. Nxd4 Nxd4
22. Qd2 Bxe5 23. cxd5 Bg7 24. Be4 Bb5 25. dxe6 c6 26. Re1 f5 27. Bd3 Bxd3 28.
Qxd3 O-O 29. Bb2 Re8 30. Bxd4 Re7 31. Rb3 Qc7 32. Bxg7 Kxg7 33. Qc3+ Kh7 34. Rd1
Rd8 35. Rdb1 Rg8 36. Rd1 Qf4 37. Rd7 Re8 38. Rbb7 Qg5 39. Nxa6 Kg8 40. Rxe7 Rxe7
41. Rxe7 Qxe7 42. Nc5 h5 43. h3 Qd6 44. a4 Qd1+ 45. Kh2 Qd6+ 46. g3 h4 47. Kg2
f4 48. g4 Qd5+ 49. Kh2 f3 50. Qc2 Qd6+ 51. Kg1 Qe5 52. Qxg6+ Qg7 53. Qxg7+ Kxg7
54. a5 Kf6 55. a6 1-0

[Event "Challenge"]
[Site "http://www.queenalice.com/game.php?id=1029002"]
[Date "2012.2.11"]
[Round "-"]
[White "Ebbe"]
[Black "grega"]
[Result "0-1"]
[WhiteElo "1884"]
[BlackElo "1802"]

1. d4 d5 2. c4 c6 3. Nc3 e6 4. e4 dxe4 5. Nxe4 Nf6 6. Ng5 h6 7. N5f3 Be7 8. Ne5
Nbd7 9. Ngf3 Nxe5 10. dxe5 Qxd1+ 11. Kxd1 Nd7 12. a3 O-O 13. b4 b6 14. b5 Bb7
15. Be2 Bc5 16. Be3 Rad8 17. Ke1 Bxe3 18. fxe3 Nc5 19. a4 Ne4 20. Rd1 c5 21. Nd2
Nxd2 22. Rxd2 Bxg2 23. Rg1 Rxd2 24. Kxd2 Be4 25. Ra1 f5 26. a5 Rd8+ 27. Ke1 Kh7
28. axb6 axb6 29. Bh5 Rd7 30. Be8 Rd8 31. Bh5 Ra8 32. Rd1 Ra3 33. Ke2 Ra2+ 34.
Rd2 Rxd2+ 35. Kxd2 g6 36. Be2 h5 37. h4 Kh6 38. Bf1 g5 39. hxg5+ Kxg5 40. Ke2
Kg4 41. Kf2 h4 42. Be2+ Kh3 43. Kg1 Kg3 44. Bf1 h3 45. Bxh3 Kxh3 46. Kf2 Kg4 47.
Ke2 Kg3 48. Kd2 Kf3 49. Ke1 Kxe3 0-1

[Event "Challenge"]
[Site "http://www.queenalice.com/game.php?id=1039620"]
[Date "2012.3.16"]
[Round "-"]
[White "grega"]
[Black "kaskarker"]
[Result "0-1"]
[WhiteElo "1811"]
[BlackElo "1755"]

1. e4 e5 2. Nf3 d6 3. c3 Be7 4. Bc4 Nf6 5. d3 O-O 6. Nbd2 a6 7. O-O b5 8. Bb3 c5
9. Bc2 d5 10. b3 Bb7 11. Bb2 d4 12. Nxe5 dxc3 13. Bxc3 Nc6 0-1

[Event "Challenge"]
[Site "http://www.queenalice.com/game.php?id=1065487"]
[Date "2012.5.29"]
[Round "-"]
[White "grega"]
[Black "plot24"]
[Result "1-0"]
[WhiteElo "1795"]
[BlackElo "1566"]

1. e4 e5 2. Nf3 Nc6 3. c3 d5 4. Bd3 Nf6 5. Qe2 dxe4 6. Bxe4 Bd6 7. d4 O-O 8. d5
Nxe4 9. Qxe4 Nb8 10. Ng5 f5 11. Qc4 c6 12. Ne6 Bxe6 13. dxe6 Qe7 14. O-O Na6 15.
Bg5 Rf6 16. Bxf6 Qxf6 17. Nd2 Kh8 18. Nf3 Re8 19. Rad1 Rxe6 20. Ng5 Qxg5 21.
Qxe6 1-0

[Event "Challenge"]
[Site "http://www.queenalice.com/game.php?id=1079349"]
[Date "2012.7.4"]
[Round "-"]
[White "filomenos"]
[Black "grega"]
[Result "1-0"]
[WhiteElo "1881"]
[BlackElo "1821"]

1. d4 d5 2. g3 Nf6 3. Bg2 e6 4. Nf3 Bd6 5. Bg5 Be7 6. O-O O-O 7. c3 Nc6 8. Nbd2
Nd7 9. Bxe7 Nxe7 10. e4 dxe4 11. Nxe4 Nd5 12. Re1 c6 13. Nd6 N7f6 14. Nxc8 Rxc8
15. Ne5 Nd7 16. Nxd7 Qxd7 17. Qd3 Nf6 18. Qc2 1-0

[Event "Challenge"]
[Site "http://www.queenalice.com/game.php?id=1079368"]
[Date "2012.7.4"]
[Round "-"]
[White "grega"]
[Black "filomenos"]
[Result "0-1"]
[WhiteElo "1807"]
[BlackElo "1895"]

1. e4 d5 2. e5 g6 3. d4 Bg7 4. Ne2 Bf5 5. Nbc3 c6 6. Ng3 Nd7 7. Bf4 Be6 8. Bd3
f6 9. Qf3 fxe5 10. dxe5 Nxe5 11. Bxe5 Nf6 12. O-O O-O 13. Qe3 Qd7 14. Na4 b6 15.
b3 Ng4 16. Qe2 Nxe5 0-1

[Event "Evron II"]
[Site "http://www.queenalice.com/game.php?id=1080700"]
[Date "2012.7.8"]
[Round "-"]
[White "grega"]
[Black "joaobatista"]
[Result "1-0"]
[WhiteElo "1795"]
[BlackElo "1806"]

1. e4 d6 2. d4 h6 3. Bd3 a6 4. Nc3 g6 5. Be3 Bg7 6. Nge2 Nf6 7. O-O O-O 8. Qd2
e5 9. d5 Kh7 10. Ng3 Nbd7 11. b4 b6 12. a3 Rh8 13. a4 Ng4 14. f3 Nxe3 15. Qxe3
Nf6 16. Nce2 h5 17. c4 Bh6 18. f4 Ng4 19. Qd2 Rg8 20. h3 Nf6 21. Qe3 h4 22. Nh1
Bd7 23. Qf2 Nh5 24. Qf3 f6 25. f5 Nf4 26. Nf2 g5 27. Ng4 Bg7 28. Nxf4 exf4 29.
Nf2 Be8 30. Nd1 Rh8 31. Nc3 Kg8 32. Qf2 c6 33. Ne2 cxd5 34. exd5 Qc7 35. Nd4 Qb7
36. Ne6 Bh6 37. Be4 a5 38. b5 Qc8 39. Qd4 Kf7 40. Bf3 Qb7 41. Rfe1 Ke7 42. Nc5+
Kf7 43. Nxb7 1-0

[Event "Challenge"]
[Site "http://www.queenalice.com/game.php?id=1084938"]
[Date "2012.7.20"]
[Round "-"]
[White "grega"]
[Black "Lyzardking"]
[Result "1-0"]
[WhiteElo "1787"]
[BlackElo "1469"]

1. e4 e5 2. Nf3 Nc6 3. c3 Nf6 4. Qc2 Bd6 5. d4 exd4 6. Nxd4 O-O 7. Bd3 Qe8 8.
Bg5 Ng4 9. f3 Nge5 10. Nxc6 dxc6 11. Nd2 f6 12. Be3 c5 13. b3 b5 14. O-O Be6 15.
Be2 f5 16. f4 Nc6 17. e5 Be7 18. Bxb5 Bd5 19. c4 Be6 20. Nf3 a6 21. Ba4 Bd7 22.
Qd1 a5 23. Bb5 Qb8 24. a4 Qe8 25. Qd5+ Kh8 26. Bxc5 Rd8 27. Bxe7 Qxe7 28. Bxc6
Bxc6 29. Qxc6 Rb8 30. Nd4 Rb6 31. Qf3 Qd7 32. Rad1 Rg8 33. Qc3 Ra6 34. Rf3 Rf8
35. Rh3 Qf7 36. Nb5 Qe7 37. Rg3 Rg6 38. Rxg6 hxg6 39. Qxa5 Rd8 40. Rxd8+ Qxd8
41. Qxc7 Qd1+ 42. Kf2 Qd2+ 43. Kg3 g5 44. Qc8+ Kh7 45. Qxf5+ Kh6 46. Qxg5+ Kh7
47. Nd6 Qe3+ 48. Kh4 Qf2+ 49. g3 Qxh2+ 50. Kg4 Qe2+ 51. Kf5 Qd3+ 52. Ne4 Qd7+
53. e6 Qe8 54. Nd6 g6+ 55. Ke5 Qe7 56. Qxe7+ Kh6 57. Qg5+ Kg7 58. e7 Kg8 59.
Qxg6+ Kh8 60. Nf7# 1-0

[Event "Challenge"]
[Site "http://www.queenalice.com/game.php?id=1088127"]
[Date "2012.7.28"]
[Round "-"]
[White "plot24"]
[Black "grega"]
[Result "0-1"]
[WhiteElo "1608"]
[BlackElo "1811"]

1. d4 d5 2. c4 c6 3. e3 e6 4. Nc3 Nf6 5. Nf3 Nbd7 6. Bd3 h6 7. cxd5 exd5 8. O-O
Bd6 9. Re1 O-O 10. Bd2 Re8 11. Qc2 Nb6 12. e4 Bc7 13. e5 Nfd7 14. Re3 Nc4 15.
Bxc4 dxc4 16. Ne4 b5 17. b4 Bb6 18. Bc3 Bc7 19. a4 Ba6 20. a5 Nf8 0-1

[Event "OS INCLIVEIS"]
[Site "http://www.queenalice.com/game.php?id=1096616"]
[Date "2012.8.26"]
[Round "-"]
[White "adelio"]
[Black "grega"]
[Result "1-0"]
[WhiteElo "1823"]
[BlackElo "1802"]

1. f4 d5 2. d4 e6 3. c4 c6 4. Nc3 Bb4 5. a3 Ba5 6. b4 Bc7 7. Ra2 Ne7 8. g4 f6 9.
h4 Ng6 10. e3 f5 11. g5 a6 12. h5 Ne7 13. Rah2 Nd7 14. Nf3 b5 15. Nh4 bxc4 16.
h6 g6 17. Be2 Bb6 18. Nxg6 Nxg6 19. Bh5 Nf8 20. Ne2 Bb7 21. Ng3 Qd6 22. Bxg6+
1-0

[Event "OS INCLIVEIS"]
[Site "http://www.queenalice.com/game.php?id=1099695"]
[Date "2012.9.4"]
[Round "-"]
[White "grega"]
[Black "adelio"]
[Result "0-1"]
[WhiteElo "1819"]
[BlackElo "1806"]

1. e4 e5 2. Nf3 f6 3. c3 c5 4. Bc4 Nc6 5. a3 Qc7 6. O-O a6 7. d3 Nge7 8. Be3 b5
9. Bb3 Ng6 10. Bc2 Ra7 11. h3 d6 12. Nbd2 h5 0-1

[Event "Jogo II"]
[Site "http://www.queenalice.com/game.php?id=1115215"]
[Date "2012.10.23"]
[Round "-"]
[White "grega"]
[Black "joaobatista"]
[Result "1-0"]
[WhiteElo "1806"]
[BlackElo "1774"]

1. e4 e5 2. Nf3 d6 3. c3 h6 4. d4 Nd7 5. d5 a6 6. Be3 Ngf6 7. Bd3 b5 8. Nbd2 Ng4
9. Qe2 g6 10. h3 Ngf6 11. Nb3 Bg7 12. Na5 O-O 13. Qd2 Nb8 14. Bxh6 c6 15. Nxc6
Nxc6 16. dxc6 Qc7 17. Qg5 Nh7 18. Qh4 Qxc6 19. Bxg7 Kxg7 20. Ng5 Nf6 21. Qg3 Nh5
22. Qf3 Nf4 23. g3 Nh5 24. Qe2 f5 25. O-O-O f4 26. g4 f3 27. Nxf3 Nf4 28. Qe3 d5
29. exd5 Qxd5 30. Be4 Qxa2 31. Bxa8 Re8 32. Be4 Be6 33. Bb1 Qc4 34. Qxe5+ Kh7
35. Nd4 b4 36. Qxf4 bxc3 37. Bxg6+ Kxg6 38. Qe4+ Kh6 39. g5+ Kg7 40. Nxe6+ Qxe6
41. Qxe6 cxb2+ 42. Kxb2 Rxe6 43. Ka3 Re5 44. f4 Rf5 45. Rd7+ Kg6 46. Rf1 a5 47.
Ka4 Rc5 48. Ra7 Rc2 49. Rxa5 Ra2+ 50. Kb5 Rb2+ 51. Ka6 Rb3 52. h4 Kh5 53. f5 Re3
54. g6 Kxh4 55. g7 Rg3 56. f6 Rg6 57. Kb7 Kh3 58. Rh1+ Kg2 59. Rh8 Kf3 60. g8=Q
1-0

[Event "Jogo I"]
[Site "http://www.queenalice.com/game.php?id=1115216"]
[Date "2012.10.23"]
[Round "-"]
[White "joaobatista"]
[Black "grega"]
[Result "0-1"]
[WhiteElo "1790"]
[BlackElo "1790"]

1. Nf3 d6 2. h3 e5 3. e4 Nc6 4. Bb5 Bd7 5. Bc4 h6 6. a3 Nf6 7. Nc3 a6 8. O-O Be7
9. d3 O-O 10. Ba2 Nd4 11. Nh4 Nxe4 12. Nxe4 Bxh4 13. c3 Nf5 14. g3 Bf6 15. Kh2
Bc6 16. f4 Qd7 17. fxe5 Bxe5 18. Bf4 Bxf4 19. Rxf4 d5 20. Nc5 Qc8 21. Qd2 b6 22.
Nb3 Bb7 23. d4 Qd7 24. Raf1 Nd6 25. Rg4 Kh7 26. Bb1+ g6 27. Qf4 f5 28. Rh4 g5
29. Rxh6+ Kxh6 30. Qf2 Ne4 31. Qe3 Rae8 32. h4 Kg6 33. Bxe4 dxe4 34. Qxg5+ Kh7
35. Qh5+ Kg7 36. Qg5+ Kh7 37. h5 Qg7 38. Qf4 Re7 39. Nd2 Qh6 40. Qxh6+ Kxh6 41.
Nxe4 Bxe4 42. g4 f4 43. Kh3 Kg5 44. Rf2 Bd5 45. h6 Kxh6 46. Kh4 Kg6 47. g5 Rh7+
48. Kg4 f3 49. b3 Be6+ 50. Kg3 Rh3# 0-1